00511 2200193 4500245008800000020002200088250001000110100002500120700002100145700002000166650001500186650001000201005001900211260004600230041001400276084000900290300000900299336000900308 aNona Bupu b : Pemandu Cilik dari Lereng Gunung IneriecWidayati Mia PratiwihText a978-602-437-995-7 aCet.1 aWidayati Mia Pratiwi aDwi Agus Erinita aBambang Wahyudi aKebudayaan aEbook a20241104121827 aJakarta TimurbWidayati Mia Pratiwic2020 aIndonesia aNONE a53 : atext